Estudio de pre factibilidad: sistema de relleno sanitario en la ciudad de Diriamba
Presenta un estudio de prefactibilidad de un sistema de relleno sanitario en la ciudad de Diriamba, para diagnosticar la problemática ambiental y para proponer alternativas de solución en la formulación de dicho estudio.
| Main Authors: | , |
|---|---|
| Other Authors: | |
| Format: | Tesis Section = Libro |
| Language: | Undetermined Spanish |
| Published: |
Managua
UNI
2016
|
| Subjects: |
| LEADER | 01090nam a2200265Ia 4500 | ||
|---|---|---|---|
| 008 | 240830s9999 xx 000 0 und d | ||
| 040 | |a BIBLIOTECA-RUSB/ M.Mon 628.44 B142 | ||
| 041 | |a spa | ||
| 082 | |a M.Mon 628.44 B142 | ||
| 100 | 1 | |a Báez Vega, Alvin Francisco | |
| 100 | 1 | |b Siero Arguello, Juan Román | |
| 245 | 1 | 0 | |a Estudio de pre factibilidad: sistema de relleno sanitario en la ciudad de Diriamba |
| 260 | |a Managua |b UNI |c 2016 | ||
| 300 | |a 156 p. :il. | ||
| 500 | |a Contiene anexos. | ||
| 502 | |a Tesis (Máster en Gerencia de Proyectos de Desarrollo) - UNI, 2016. | ||
| 520 | 3 | |a Presenta un estudio de prefactibilidad de un sistema de relleno sanitario en la ciudad de Diriamba, para diagnosticar la problemática ambiental y para proponer alternativas de solución en la formulación de dicho estudio. | |
| 650 | 7 | |a RELLENO SANITARIO- DISEÑO Y CONSTRUCCION | |
| 650 | 7 | |b ESTUDIO PREFACTIBILIDAD | |
| 650 | 7 | |c DESECHOS SOLIDOS | |
| 650 | 7 | |d RESIDUOS SOLIDOS- BASURA | |
| 700 | 1 | |a Tutor: |b Varela Fonseca, Wilfredo | |
| 942 | |c BK |2 ddc | ||
| 991 | |a TESIS | ||
| 999 | |c 19319 | ||